| 000 | 01070nam a2200313 i 4500 | ||
|---|---|---|---|
| 001 | 183487 | ||
| 003 | ES-MaACL | ||
| 005 | 20250727062620.0 | ||
| 008 | 140702s2013 sp |||| | spa d | ||
| 020 | _a978-84-233-4706-3 | ||
| 080 | _a321.7(460) | ||
| 080 | _a329.14(100) | ||
| 080 | _a32-053.81(460) | ||
| 080 | _a32(460)"1975/..." | ||
| 100 | 1 |
_aTalegón, Beatriz _c1983- _9154891 |
|
| 245 | 1 | 0 |
_aNo nos avergoncéis _b: la joven socialista que apuesta por regenerar la política / _cBeatriz Talegón. |
| 250 | _a1ª ed. | ||
| 260 |
_aBarcelona : _bDestino, _c2013. |
||
| 300 |
_a172 p. ; _c23 cm. |
||
| 490 | 1 |
_aImago mundi ; _v255 |
|
| 650 | 4 |
_aDemocracia- _zEspaña. _9145899 |
|
| 650 | 0 | 7 |
_aSocialismo _2embne _917147 |
| 650 | 4 |
_aJóvenes- _zEspaña- _xActividad política. _9153349 |
|
| 651 | 4 |
_aEspaña- _xPolítica y gobierno- _y1975-1982. _98447 |
|
| 830 | 0 | 0 |
_aImago mundi (Barcelona) ; _v255 _9236939 |
| 852 |
_aES-MaACL _jA-13101 _9190427 _bR.149953 _cDEPO1 _dOlim: N-6101 |
||
| 942 |
_2udc _cMONOGRAFIA |
||
| 999 |
_c183487 _d183487 |
||